Manual metodológico para la investigación criminalística de los homicidios de mujeres en Ciudad Juárez /
Estudio elaborado por peritos de la Dirección General de Coordinación de Servicios Periciales de la Procuraduría General de la República, que pretende esclarecer las causas de los feminicidios ocurridos en la década de los noventas en Ciudad Juárez, Chihuahua, a través de la aplicación de técnicas y...
-д хадгалсан:
| Бусад зохиолчид: | , |
|---|---|
| Формат: | Ном |
| Хэл сонгох: | испани |
| Хэвлэсэн: |
México :
Instituto Nacional de Ciencias Penales,
2004, c2004
|
| Цуврал: | (Criminalística ;
3) |
| Нөхцлүүд: | |
| Шошгууд: |
Шошго байхгүй, Энэхүү баримтыг шошголох эхний хүн болох!
|
MARC
| LEADER | 00000nam^a2200000^a^4500 | ||
|---|---|---|---|
| 001 | 000177717 | ||
| 005 | 20250521000000.0 | ||
| 009 | 20260310101725.122 | ||
| 020 | |a 970-768-000-8 | ||
| 037 | |a Acervo ITESO - Biblioteca | ||
| 041 | |a ESP | ||
| 082 | |a 363. 250972165 |b MAN | ||
| 245 | 0 | 0 | |a Manual metodológico para la investigación criminalística de los homicidios de mujeres en Ciudad Juárez / |c Presen. de R. Macedo de la Concha ; introd. de L.R. Moreno González. |
| 264 | 4 | |a México : |b Instituto Nacional de Ciencias Penales, |c 2004, c2004 | |
| 300 | |a 429 p. | ||
| 336 | |a texto |b txt |2 rdacontenido | ||
| 337 | |a sin mediación |b n |2 rdamedio | ||
| 338 | |a volumen |b nc |2 rdasoporte | ||
| 440 | 1 | |a (Criminalística ; |v 3) | |
| 520 | |a Estudio elaborado por peritos de la Dirección General de Coordinación de Servicios Periciales de la Procuraduría General de la República, que pretende esclarecer las causas de los feminicidios ocurridos en la década de los noventas en Ciudad Juárez, Chihuahua, a través de la aplicación de técnicas y metódos científicos de la criminalística. Las indagatorias están divididos en tres apartados: antropología forense, medicina forense y criminalística. | ||
| 649 | |a XX | ||
| 650 | |a Mujeres - |z Ciudad Juárez, Chihuahua | ||
| 650 | |a Mujeres - |z México | ||
| 650 | |a Feminicidio - |z Ciudad Juárez, Chihuahua - |x Tema Principal | ||
| 650 | |a Feminicidio - |z México | ||
| 650 | |a Asesinato - |z Ciudad Juárez, Chihuahua | ||
| 650 | |a Asesinato - |z México | ||
| 650 | |a Violación - |z Ciudad Juárez, Chihuahua | ||
| 650 | |a Violación - |z México | ||
| 650 | |a Violencia - |z Ciudad Juárez, Chihuahua | ||
| 650 | |a Violencia - |z México | ||
| 650 | |a Delitos Sexuales - |z Ciudad Juárez, Chihuahua | ||
| 650 | |a Delitos Sexuales - |z México | ||
| 650 | |a Investigación del Delito - |z Ciudad Juárez, Chihuahua | ||
| 650 | |a Investigación del Delito - |z México | ||
| 650 | |a Identificación (Investigación del Delito) - |z Ciudad Juárez, Chihuahua | ||
| 650 | |a Identificación (Investigación del Delito) - |z México | ||
| 650 | |a Prueba Pericial - |z Ciudad Juárez, Chihuahua | ||
| 650 | |a Prueba Pericial - |z México | ||
| 650 | |a Prueba (Derecho) - |z Ciudad Juárez, Chihuahua | ||
| 650 | |a Prueba (Derecho) - |z México | ||
| 650 | |a Antropología Criminal - |z Ciudad Juárez, Chihuahua | ||
| 650 | |a Antropología Criminal - |z México | ||
| 650 | |a Medicina Legal - |z Ciudad Juárez, Chihuahua | ||
| 650 | |a Medicina Legal - |z México | ||
| 650 | |a Criminalística - |z Ciudad Juárez, Chihuahua | ||
| 650 | |a Criminalística - |z México | ||
| 650 | |a Criminología - |z Ciudad Juárez, Chihuahua | ||
| 650 | |a Criminología - |z México | ||
| 650 | |a Ciudad Juárez, Chihuahua - |x Condiciones Sociales y Culturales | ||
| 650 | |a México - |x Condiciones Sociales y Culturales | ||
| 650 | |a Ciudad Juárez, Chihuahua - |x Condiciones Económicas | ||
| 650 | |a México - |x Condiciones Económicas | ||
| 700 | |a Macedo de la Concha, Marcial Rafael |e (presentación) | ||
| 700 | |a Moreno González, Luis Rafael |e (introducción) | ||
| 910 | |a Fondo General | ||
| 920 | |a Impresos - Libros | ||
| 930 | |a Colección General | ||
| 905 | |a 101 | ||
| 901 | |a 0500116659 |b IT1 |c ACC |u 20250521 | ||
| 902 | |a https://opac.biblio.iteso.mx/vufind/Record/000177717 | ||